<?xml version="1.0" encoding="UTF-8"?>
<record
    xmlns:xsi="http://www.w3.org/2001/XMLSchema-instance"
    xsi:schemaLocation="http://www.loc.gov/MARC21/slim http://www.loc.gov/standards/marcxml/schema/MARC21slim.xsd"
    xmlns="http://www.loc.gov/MARC21/slim">

  <leader>00817nam a22002417a 4500</leader>
  <controlfield tag="003">UA-OsUOA</controlfield>
  <controlfield tag="001"> 47792 </controlfield>
  <controlfield tag="007">ta</controlfield>
  <controlfield tag="008">20120920b un ||||| |||| 00| 0 ukr d</controlfield>
  <datafield tag="100" ind1=" " ind2=" ">
    <subfield code="a">&#x41C;&#x43E;&#x441;&#x442;&#x43E;&#x432;&#x438;&#x447; &#x41E;.</subfield>
  </datafield>
  <datafield tag="090" ind1=" " ind2=" ">
    <subfield code="a">82-94</subfield>
    <subfield code="b">&#x41C;84</subfield>
  </datafield>
  <datafield tag="942" ind1=" " ind2=" ">
    <subfield code="c">BK</subfield>
  </datafield>
  <datafield tag="040" ind1=" " ind2=" ">
    <subfield code="a">UA-OsUOA</subfield>
    <subfield code="b">ukr</subfield>
    <subfield code="c">UA-OsUOA</subfield>
    <subfield code="d">UA-OsUOA</subfield>
  </datafield>
  <datafield tag="245" ind1=" " ind2=" ">
    <subfield code="a">&#x421;&#x442;&#x435;&#x436;&#x43A;&#x430;&#x43C;&#x438; &#x434;&#x43E;&#x43B;&#x456;. &#x423;&#x43A;&#x440;&#x430;&#x457;&#x43D;&#x430;. &#x417;&#x430;&#x445;&#x456;&#x434;&#x43D;&#x44F; &#x415;&#x432;&#x440;&#x43E;&#x43F;&#x430;. &#x410;&#x43C;&#x435;&#x440;&#x438;&#x43A;&#x430;.</subfield>
    <subfield code="b">&#x421;&#x43F;&#x43E;&#x43C;&#x438;&#x43D;&#x438;, &#x440;&#x43E;&#x437;&#x434;&#x443;&#x43C;&#x438;, &#x440;&#x435;&#x444;&#x43B;&#x435;&#x43A;&#x441;&#x456;&#x457;.</subfield>
  </datafield>
  <datafield tag="300" ind1=" " ind2=" ">
    <subfield code="a">254 &#x441;.</subfield>
  </datafield>
  <datafield tag="955" ind1=" " ind2=" ">
    <subfield code="a">1</subfield>
  </datafield>
  <datafield tag="041" ind1=" " ind2=" ">
    <subfield code="a">ukr</subfield>
  </datafield>
  <datafield tag="080" ind1=" " ind2=" ">
    <subfield code="a">82-94</subfield>
  </datafield>
  <datafield tag="260" ind1=" " ind2=" ">
    <subfield code="a">&#x41A;.</subfield>
    <subfield code="b">&#x41B;&#x456;&#x442;&#x435;&#x440;&#x430;&#x442;&#x443;&#x440;&#x43D;&#x430; &#x423;&#x43A;&#x440;&#x430;&#x457;&#x43D;&#x430;</subfield>
    <subfield code="c">2012</subfield>
  </datafield>
  <datafield tag="650" ind1=" " ind2="7">
    <subfield code="a">82 &#x41B;&#x456;&#x442;&#x435;&#x440;&#x430;&#x442;&#x443;&#x440;&#x430;. &#x41B;&#x456;&#x442;&#x435;&#x440;&#x430;&#x442;&#x443;&#x440;&#x43E;&#x437;&#x43D;&#x430;&#x432;&#x441;&#x442;&#x432;&#x43E;</subfield>
    <subfield code="2">UDC</subfield>
  </datafield>
  <datafield tag="999" ind1=" " ind2=" ">
    <subfield code="c">427866</subfield>
    <subfield code="d">427866</subfield>
  </datafield>
  <datafield tag="952" ind1=" " ind2=" ">
    <subfield code="0">0</subfield>
    <subfield code="1">0</subfield>
    <subfield code="2">udc</subfield>
    <subfield code="4">0</subfield>
    <subfield code="7">0</subfield>
    <subfield code="a">300</subfield>
    <subfield code="b">300</subfield>
    <subfield code="d">2012-09-20</subfield>
    <subfield code="e">279/2012</subfield>
    <subfield code="g">1.00</subfield>
    <subfield code="i">2133902</subfield>
    <subfield code="l">0</subfield>
    <subfield code="o">82-94 &#x41C;84</subfield>
    <subfield code="p">2133902</subfield>
    <subfield code="r">2019-09-14 00:00:00</subfield>
    <subfield code="w">2012-09-20</subfield>
    <subfield code="y">BK</subfield>
  </datafield>
</record>
